000 00937nam a2200169 a 4500
008 130807s2010 ||||||||||||||||| || u
050 _aCOMESA(058)
110 _aCommon Market for Eastern and Southern Africa (COMESA)
245 1 0 _aCOMESA annual report, 2010
_cby Common Market for Eastern and Southern Africa [COMESA]
260 _aLusaka:
_bCommon Market for Eastern and Southern Africa (COMESA)
_c2010
300 _a118p.: ill.
362 1 _a<p>2010</p>
650 _aCOMESA--ANNUAL REPORTS
995 _aSPECIAL COLLECTIONS
_e898
_FCBU-MAIN LIBRARY (Kitwe)
_jCOMESA(058)A5/2010B
_M2
_UAVAILABLE
_WAug 7, 2013
_yB898
_ZInternational Publications
995 _aSPECIAL COLLECTIONS
_e897
_FCBU-MAIN LIBRARY (Kitwe)
_jCOMESA(058)A5/2010A
_M1
_UAVAILABLE
_WAug 7, 2013
_yB897
_ZInternational Publications
995 _aSPECIAL COLLECTIONS
_e899
_FCBU-MAIN LIBRARY (Kitwe)
_jCOMESA(058)A5/2010C
_M3
_UAVAILABLE
_WAug 7, 2013
_yB899
_ZInternational Publications
999 _c79482
_d79482